Development and Society (Record no. 153)
[ view plain ]
| 000 -LEADER | |
|---|---|
| fixed length control field | 00419nam a22001337a 4500 |
| 008 - FIXED-LENGTH DATA ELEMENTS--GENERAL INFORMATION | |
| fixed length control field | 230602b xxu||||| |||| 00| 0 eng d |
| 082 ## - DEWEY DECIMAL CLASSIFICATION NUMBER | |
| Classification number | 301.0720519 |
| Item number | DEV |
| 110 ## - MAIN ENTRY--CORPORATE NAME | |
| Date of meeting or treaty signing | 2011 |
| 245 ## - TITLE STATEMENT | |
| Title | Development and Society |
| Statement of responsibility, etc. | The Institution of Social Development Policy Research |
| 260 ## - PUBLICATION, DISTRIBUTION, ETC. (IMPRINT) | |
| Place of publication, distribution, etc. | Korea |
| Name of publisher, distributor, etc. | The Institution of Social Development Policy Research |
| Date of publication, distribution, etc. | June 2011 |
| 300 ## - PHYSICAL DESCRIPTION | |
| Extent | 250 p |
| 440 ## - SERIES STATEMENT/ADDED ENTRY--TITLE | |
| Number of part/section of a work | 1 |
| Volume/sequential designation | 40 |
| International Standard Serial Number | 15988074 |
| 942 ## - ADDED ENTRY ELEMENTS (KOHA) | |
| Source of classification or shelving scheme | Dewey Decimal Classification |
| Koha item type | Books |
| Withdrawn status | Lost status | Source of classification or shelving scheme | Damaged status | Not for loan | Home library | Current library | Date acquired | Total Checkouts | Full call number | Barcode | Date last seen | Price effective from | Koha item type |
|---|---|---|---|---|---|---|---|---|---|---|---|---|---|
| Dewey Decimal Classification | Bunge Tower Library | Bunge Tower Library | 06/02/2023 | 301.0720519 DEV | 10015118 | 06/02/2023 | 06/02/2023 | Books | |||||
| Dewey Decimal Classification | Bunge Tower Library | Bunge Tower Library | 06/02/2023 | 301.0720519 DEV | 100030 | 06/02/2023 | 06/02/2023 | Books |
